CLINICS IN INTERNAL MEDICINE / (Record no. 794814)

MARC details
000 -LEADER
fixed length control field 00497pam a2200193 a 4500
020 ## - INTERNATIONAL STANDARD BOOK NUMBER
Terms of availability 90.00 (PB)
041 ## - LANGUAGE CODE
Language code of text/sound track or separate title eng
Language code of original NULL
082 ## - DEWEY DECIMAL CLASSIFICATION NUMBER
Classification number 614
Item number RAT/PAT
100 ## - MAIN ENTRY--PERSONAL NAME
Personal name PATEL , K .
245 ## - TITLE STATEMENT
Title CLINICS IN INTERNAL MEDICINE /
Statement of responsibility, etc. NULL.
Medium Textual Documents
260 ## - PUBLICATION, DISTRIBUTION, ETC.
Place of publication, distribution, etc. NULL :
Name of publisher, distributor, etc. K.C. PATEL ,
Date of publication, distribution, etc. 1997.
300 ## - PHYSICAL DESCRIPTION
Extent 151 :
Other physical details XViii ;
Dimensions A4 .
365 ## - TRADE PRICE
Price type code 90.00
Price note 4
650 ## - SUBJECT ADDED ENTRY--TOPICAL TERM
Topical term or geographic name entry element GEN.MEDICINE
700 ## - ADDED ENTRY--PERSONAL NAME
Personal name RATHOD, N .
907 ## - LOCAL DATA ELEMENT G, LDG (RLIN)
a 1339
-- 1340
-- 1341
-- 1342
930 ## - EQUIVALENCE OR CROSS-REFERENCE-UNIFORM TITLE HEADING [LOCAL, CANADA]
Uniform title 278
Holdings
Withdrawn status Lost status Damaged status Not for loan Home library Current library Date acquired Source of acquisition Cost, normal purchase price Total Checkouts Full call number Barcode Date last seen Copy number Price effective from Koha item type Date due Date last checked out
        Medical College & Hospital, Sangli Medical College & Hospital, Sangli 28/11/2011 90.00   614 RAT/PAT MCS-1342 26/07/2023 5 26/07/2023 Book    
        Medical College & Hospital, Sangli Medical College & Hospital, Sangli 28/11/2011 90.00   614 RAT/PAT MCS-1341 26/07/2023 4 26/07/2023 Book    
        Medical College & Hospital, Sangli Medical College & Hospital, Sangli 28/11/2011 90.00   614 RAT/PAT MCS-1340 26/07/2023 3 26/07/2023 Book    
        Medical College & Hospital, Sangli Medical College & Hospital, Sangli 28/11/2011 90.00   614 RAT/PAT MCS-1339 26/07/2023 2 26/07/2023 Book    
        Medical College & Hospital, Sangli Medical College & Hospital, Sangli 28/11/2011 90.00 1 614 RAT/PAT MCS-1338 06/10/2023 1 26/07/2023 Book 01/10/2043 06/10/2023